000 01089cam a2200229 4500
001 WB@3612-531
008 040715n2004 000 0 eng u
035 _a(Sirsi) u126793
245 _aEmpty houses in Scotland
260 _c2004
490 _aAudit Scotland Press Release
_v15 July 2004 (2)
520 _aThe Accounts Commission and Communities Scotland have published "Managing housing voids: the impact of low demand properties". This report looks at how councils and Registered Social Landlords (RSLs) manage empty and low demand houses. In 2003 the spending watchdog, Audit Scotland, found that £33.7m in rental income was lost because properties were lying empty. The full report can be viewed at: http://www.audit-scotland.gov.uk/publications/inde x.htm. http://www.audit-scotland.gov.uk/news/Press%20rele ases/AChousingvoids04.pdf
590 _aWB
590 _aWB
650 _aPERFORMANCE INDICATORS
650 _aEMPTY HOMES
650 _aSOCIAL HOUSING
650 _aSCOTLAND
650 _aRENTAL INCOME
690 _aHOUSING-SOCIAL HOUSING
942 _n0
999 _c117708
_d117708